| 000 | 00409nam a2200133Ia 4500 | ||
|---|---|---|---|
| 008 | 210430s9999 xx 000 0 und d | ||
| 082 | _a310 G9711F | ||
| 100 |
_aJ.P.Guilford, Benjamin Fruchter. _9128949 |
||
| 245 |
_aFundamental statistics in Psychology and education / _cJ.P.Guilford |
||
| 250 | _a5th edition | ||
| 260 |
_aIslamabad _bNational Book Foundation _c2000 |
||
| 300 | _a546p. | ||
| 942 |
_cBK _2ddc |
||
| 999 |
_c561692 _d561692 |
||